Т. 9: Стратиграфия и тектоника южной части Южного Урала (на основании широтного сечения); Труды Московского геолого-разведочного института им. С. Орджоникидзе

Podrobná bibliografie
Parent link:Труды Московского геолого-разведочного института им. С. Орджоникидзе: сборник научных трудов/ Московский геологоразведочный институт (МГРИ) ; под ред. В. М. Крейтера. Т. 9: Стратиграфия и тектоника южной части Южного Урала (на основании широтного сечения).— , 1937- 1963
Hlavní autor: Павлинов В. Н.
Jazyk:ruština
Vydáno: 1937
Témata:
Médium: Kniha
KOHA link:https://koha.lib.tpu.ru/cgi-bin/koha/opac-detail.pl?biblionumber=354120

MARC

LEADER 00000nam2a2200000 4500
001 354120
005 20231102010647.0
035 |a (RuTPU)RU\TPU\retro\11378 
035 |a RU\TPU\retro\11359 
090 |a 354120 
100 |a 20200616d1937 k y0rusy5003 ca 
101 0 |a rus 
102 |a RU 
105 |a a z 001zy 
200 0 |a Т. 9: Стратиграфия и тектоника южной части Южного Урала (на основании широтного сечения) 
210 |d 1937 
215 |a 166 с.  |c ил. 
320 |a Библиография в конце статей 
461 1 |0 (RuTPU)RU\TPU\retro\11347  |t Труды Московского геолого-разведочного института им. С. Орджоникидзе  |o сборник научных трудов  |f Московский геологоразведочный институт (МГРИ) ; под ред. В. М. Крейтера  |v Т. 9: Стратиграфия и тектоника южной части Южного Урала (на основании широтного сечения)  |d 1937- 1963 
606 1 |a Геологоразведочное дело  |2 stltpush  |3 (RuTPU)RU\TPU\subj\6125  |9 34083 
610 1 |a история 
610 1 |a орогидрография 
610 1 |a стратиграфия 
610 1 |a петрография 
610 1 |a тектоника 
610 1 |a Южный Урал 
675 |a 550.83  |z rus  |v 3 
700 1 |a Павлинов  |b В. Н. 
801 0 |a RU  |b RuMRKP  |c 19950417  |g psbo 
801 1 |a RU  |b 63413507  |c 20120823 
801 2 |a RU  |b 63413507  |c 20200617  |g RCR 
942 |c BK